00351nam a22000977a 4500008004100000040005500041080002600096245006200122260005500184650001400239230622b |||||||| |||| 00| 0 eng d aNational Science LibrarycNational Science Library a627.43/.45(082.2)bK3 aSymposium on design & construction of weirs and spillways aHyderabad: bDepartment of Civil Engineers, c1963 aSymposium